000 00354pam a2200121a 44500
008 230405s2021 xxu||||| |||| 00| 0 eng d
041 _aENG
100 _aDEEPANTI GAIJAR / DR RAGEEB USMAN
245 _aA TEXT BOOK OF HAZARDS AND SAFETY MANAGEMENT
260 _aNEW YORK
_bWILEY INTERSCIENCE PUBLICATION NEW YORK
_c2021
300 _a134
906 _a4769
999 _c270208
_d270208